000 00705cam a2200205 i 4500
005 20251224103432.0
008 250721r2008 ua gr 000 0 ara d
020 _a9776142540
082 1 4 _a218.51
_bش ا د
100 1 _aأبو شادي، خالد
_eمؤلف.
245 1 0 _aجرعات الدواء /
_cتاليف الدكتور خالد أبو شادي.
250 _aالطبعة الاولى.
264 _bدار الاندلس الجديدة للنشر و التوزيع،
_c2008.
_aشبرا مصر.
300 _a286صفحة.
490 0 _aرد الي روحي.
_v2
650 1 7 _aالاسلام.
650 1 7 _aالوعظ و الارشاد.
942 _2ddc
_cBK
999 _c116864
_d116864